Bellewaerde Park toutes les attractions - Statistiques

Statistiques générales
  • Ce quiz a été pris 4 fois
  • Le résultat moyen est 9 sur 34
Statistiques - réponses
Hint Réponse % Correct
Mexico Boomerang
100%
Mexico El Toro
75%
Mexico Huracan
75%
Canada Wakala
75%
Mundo Amazonia Amazonia
50%
Canada Bateau Pirate / Piratenboot
50%
India Bengal Rapid River
50%
Canada Dawson Duel
50%
Mexico El Volador
50%
KidsPark La Maison d'Houdini / Het Huis Van Houdini
50%
Canada Niagara
50%
Canada Peter Pan
50%
India Bengal Express
25%
Canada Big Chute
25%
KidsPark Carrousel
25%
Mexico Cinéma 4D / 4D Cinema
25%
India Hampi
25%
India Hampi Playground
25%
Jungle Jungle Mission
25%
KidsPark Ballons Dansants / Dansende Ballonnen
0%
Mundo Amazonia Brazilian Buggies
0%
KidsPark Carroussel Fou / Gekke Koets
0%
KidsPark Flying Carrousel
0%
KidsPark Grenouille / Kikker
0%
KidsPark Les tassas à Café / Koffietassen
0%
KidsPark Mini-Roue / Minirad
0%
KidsPark Papillons / Vlinders
0%
Canada Psssht Station
0%
Mundo Amazonia Rio Do Cacao
0%
Mundo Amazonia Rio Do Café
0%
Canada Screaming Eagle
0%
KidsPark Train Express / Expresstrein
0%
KidsPark Tuff-Tuff
0%
KidsPark Village sur Pilotis / Palendorp
0%
Aucun quiz correspondant
Distribution des résultats
% des personnes avec chaque résultat
Percentile par nombre de réponses
Votre historique - résultats
Vous n’avez pas pris ce quiz